|
|
|
|
| LEADER |
01045nam a22002412a 4500 |
| 001 |
000414518 |
| 003 |
CZ BrMZK |
| 005 |
20170425114449.0 |
| 007 |
ta |
| 008 |
010907s1976 xr f cze d |
| 040 |
|
|
|a BOA001
|b cze
|
| 100 |
1 |
|
|a Paszková, Helena,
|d 1928-
|7 mzk2011668133
|4 aut
|
| 245 |
1 |
0 |
|a Rehabilitace respiračně oslabených a astmatických dětí cvičením, otužováním, sportem /
|c Helena Paszková
|
| 260 |
|
|
|a Ostrava :
|b Krajský ústav národního zdraví,
|c 1976
|
| 300 |
|
|
|a 33 s.
|
| 490 |
1 |
|
|a Pokyny pro nemocné
|
| 830 |
|
0 |
|a Pokyny pro nemocné (Krajský ústav národního zdravív Ostravě, Oddělení zdravotní výchovy)
|
| 910 |
|
|
|a BOA001
|b PK-0078.505
|b X-0767.235
|
| 964 |
|
|
|a Děti astmatické - rehabilitace - návody
|
| 964 |
|
|
|a Děti oslabené respiračně - rehabilitace - návody
|
| 990 |
|
|
|a BK
|
| 996 |
6 |
|
|b 2619897359
|c X-0767.235
|l MZK
|r Sklad / do 24 hodin
|n 7
|w 000414518
|u 000020
|a 1
|e BOA001
|j MZK50
|s P
|
| 996 |
7 |
|
|b 3119822813
|c PK-0078.505
|l MZK
|r Sklad / do 1 hodiny
|n 3
|w 000414518
|u 000010
|a 1
|e BOA001
|j MZK50
|s A
|